[Event "Niederbayern-ch"]
[Site "Roehrnbach"]
[Date "2014.04.26"]
[Round "5"]
[White "Pauli, Anton"]
[Black "Wilhelm, Walter"]
[Result "0-1"]
[WhiteElo "1208"]
[BlackElo "1597"]
[PlyCount "88"]
[EventDate "2014.04.24"]
[EventType "swiss"]
[EventRounds "7"]
[EventCountry "GER"]
[SourceTitle "EXT 2023"]
[Source "ChessBase"]
[SourceDate "2022.10.05"]
[SourceVersion "1"]
[SourceVersionDate "2022.10.05"]
[SourceQuality "1"]

1. d4 Nf6 2. c4 d5 3. e3 Bf5 4. Nc3 h6 5. Bd3 Qd7 6. Qc2 Bxd3 7. Qxd3 Na6 8. a3 dxc4 9. Qxc4 Qg4 10. g3 c6 11. Qe2 Qd7 12. Bd2 e6 13. 0-0-0 b5 14. Qf3 Qb7 15. Nge2 Rb8 16. Na2 Bd6 17. e4 c5 18. Be3 Nxe4 19. Nec3 Nxc3 20. Qxb7 Nxa2+ 21. Kb1 Nc3+ 22. bxc3 Rxb7 23. dxc5 Bxc5 24. Bxc5 Nxc5 25. Rhe1 0-0 26. Kb2 Rd7 27. Rxd7 Nxd7 28. Kb3 a5 29. f4 Nc5+ 30. Kc2 Rd8 31. Re5 Rd5 32. Re3 f5 33. Kc1 Kf7 34. Kc2 Ne4 35. Rd3 Rxd3 36. Kxd3 Nf2+ 37. Kd4 Ne4 38. Kd3 Ke7 39. c4 b4 40. axb4 axb4 41. g4 b3 42. h3 Kd6 43. g5 h5 44. h4 Kc5 0-1